[Event "MVP-ch Seniors op 19th"]
[Site "Ostseebad Binz"]
[Date "2019.12.03"]
[Round "7"]
[White "Maczollek, Helmut"]
[Black "Freerksen, Uwe"]
[Result "1-0"]
[WhiteElo "1577"]
[BlackElo "1456"]
[PlyCount "31"]
[EventDate "2019.11.27"]
[EventType "swiss"]
[EventRounds "9"]
[EventCountry "GER"]
[SourceTitle "EXT 2021"]
[Source "ChessBase"]
[SourceDate "2020.10.23"]
[SourceVersion "1"]
[SourceVersionDate "2020.10.23"]
[SourceQuality "1"]

1. d4 d5 2. Nf3 Nf6 3. e3 e6 4. Bd3 Nbd7 5. Nbd2 a5 6. a3 Be7 7. 0-0 b6 8. Qe2 0-0 9. e4 dxe4 10. Nxe4 Nxe4 11. Qxe4 Nf6 12. Qxa8 Qd6 13. c3 c5 14. Bg5 Nd5 15. Bxe7 Nxe7 16. Qe4 1-0

[Event "MVP-ch Seniors op 19th"]
[Site "Ostseebad Binz"]
[Date "2019.11.30"]
[Round "4"]
[White "Maczollek, Helmut"]
[Black "Bachmann, Friedrich"]
[Result "1-0"]
[WhiteElo "1577"]
[BlackElo "1635"]
[PlyCount "91"]
[EventDate "2019.11.27"]
[EventType "swiss"]
[EventRounds "9"]
[EventCountry "GER"]
[SourceTitle "EXT 2021"]
[Source "ChessBase"]
[SourceDate "2020.10.23"]
[SourceVersion "1"]
[SourceVersionDate "2020.10.23"]
[SourceQuality "1"]

1. d4 d5 2. Nf3 Nc6 3. e3 Nf6 4. Bd3 Bg4 5. Nbd2 a6 6. c3 e6 7. 0-0 Bd6 8. h3 Bxf3 9. Nxf3 e5 10. dxe5 Nxe5 11. Bc2 Nxf3+ 12. Qxf3 0-0 13. Re1 Re8 14. Bd2 Ne4 15. Rad1 c6 16. Bc1 Qc7 17. Kh1 Rad8 18. Rd4 Bc5 19. Rdd1 Rd6 20. c4 Rf6 21. Qh5 g6 22. Qh4 Rxf2 23. Bxe4 Rf5 24. Bxf5 gxf5 25. Qg5+ Kh8 26. Qf6+ Kg8 27. Qxf5 Re5 28. Qg4+ Kf8 29. cxd5 cxd5 30. Qf4 Be7 31. Rxd5 f6 32. Rxe5 Qxe5 33. Qxe5 fxe5 34. Rf1+ Kg7 35. b3 b5 36. Bb2 Bf6 37. Rd1 Kg6 38. Rd6 Kf5 39. Rxa6 Bg5 40. Bc1 Ke4 41. Rb6 Kd3 42. Rxb5 Bf6 43. a4 Kc2 44. Ba3 e4 45. a5 Kc3 46. Bc5 1-0

[Event "MVP-ch Seniors op 17th"]
[Site "Binz"]
[Date "2017.12.07"]
[Round "9.70"]
[White "Maczollek, Helmut"]
[Black "Neumann, Horst"]
[Result "1/2-1/2"]
[WhiteElo "1546"]
[BlackElo "1695"]
[PlyCount "29"]
[EventDate "2017.11.29"]
[EventType "swiss"]
[EventRounds "9"]
[EventCountry "GER"]
[SourceTitle "EXT 2019"]
[Source "ChessBase"]
[SourceDate "2018.10.10"]
[SourceVersion "1"]
[SourceVersionDate "2018.10.10"]
[SourceQuality "1"]

1. d4 d5 2. Nf3 Nf6 3. e3 Bf5 4. Bd3 Bg6 5. Bxg6 fxg6 6. Nbd2 e6 7. 0-0 Bd6 8. c3 0-0 9. Re1 c6 10. e4 dxe4 11. Nxe4 h6 12. Qb3 Rf7 13. Nxd6 Qxd6 14. Qxe6 Qxe6 15. Rxe6 1/2-1/2

[Event "MVP-ch Seniors op 17th"]
[Site "Binz"]
[Date "2017.12.06"]
[Round "8.82"]
[White "Howe, Dietrich"]
[Black "Maczollek, Helmut"]
[Result "0-1"]
[WhiteElo "1465"]
[BlackElo "1546"]
[PlyCount "58"]
[EventDate "2017.11.29"]
[EventType "swiss"]
[EventRounds "9"]
[EventCountry "GER"]
[SourceTitle "EXT 2019"]
[Source "ChessBase"]
[SourceDate "2018.10.10"]
[SourceVersion "1"]
[SourceVersionDate "2018.10.10"]
[SourceQuality "1"]

1. d4 d5 2. e4 Nc6 3. e5 e6 4. Nf3 Bd7 5. c4 Bb4+ 6. Nc3 h6 7. a3 Bxc3+ 8. bxc3 Nge7 9. Bd3 dxc4 10. Bxc4 Nd5 11. Qd3 Nde7 12. a4 Nd5 13. Bb3 0-0 14. 0-0 f6 15. Ba3 Nce7 16. exf6 Rxf6 17. Bc2 Ng6 18. Ne5 Ndf4 19. Qg3 Ne2+ 20. Kh1 Nxg3+ 21. fxg3 Nxe5 22. dxe5 Rxf1+ 23. Rxf1 Qg5 24. Be4 c6 25. Bd6 Qe3 26. Bg6 Qxc3 27. Kg1 Qd4+ 28. Kh1 Qxa4 29. h3 Qc4 0-1

[Event "MVP-ch Seniors op 16th"]
[Site "Binz"]
[Date "2016.12.01"]
[Round "9.80"]
[White "Maczollek, Helmut"]
[Black "Mueller, Dieter5"]
[Result "0-1"]
[WhiteElo "1599"]
[BlackElo "1681"]
[PlyCount "83"]
[EventDate "2016.11.23"]
[EventType "swiss"]
[EventRounds "9"]
[EventCountry "GER"]
[SourceTitle "EXT 2018"]
[Source "ChessBase"]
[SourceDate "2017.10.13"]
[SourceVersion "1"]
[SourceVersionDate "2017.10.13"]
[SourceQuality "1"]

1. d4 d6 2. e3 Nf6 3. Nf3 g6 4. c3 Bg7 5. Bd3 0-0 6. Nbd2 Nbd7 7. 0-0 Re8 8. Re1 c6 9. a4 a6 10. Qc2 e5 11. dxe5 dxe5 12. Ne4 Qe7 13. b3 b6 14. Ba3 c5 15. Rad1 Bb7 16. Nxf6+ Qxf6 17. e4 Nf8 18. Bc1 h6 19. Be3 Ne6 20. Qc1 Kh7 21. Qc2 Rad8 22. Bc4 Rxd1 23. Rxd1 Rd8 24. Bxe6 Rxd1+ 25. Qxd1 Qxe6 26. Qd3 Qxb3 27. Nd2 Qd1+ 28. Qf1 Qxf1+ 29. Nxf1 Bxe4 30. Nd2 Bd3 31. a5 bxa5 32. Bxc5 e4 33. c4 f5 34. Bb6 a4 35. c5 Bb5 36. Nb1 Bb2 37. Ba5 a3 38. Nc3 Bc6 39. Kf1 Kg8 40. Ke2 Kf7 41. Ke3 Ke6 42. Kd4 0-1

[Event "MVP-ch Seniors op 16th"]
[Site "Binz"]
[Date "2016.11.29"]
[Round "7.80"]
[White "Maczollek, Helmut"]
[Black "Wiebke, Elfriede"]
[Result "1-0"]
[WhiteElo "1599"]
[BlackElo "1302"]
[PlyCount "75"]
[EventDate "2016.11.23"]
[EventType "swiss"]
[EventRounds "9"]
[EventCountry "GER"]
[SourceTitle "EXT 2018"]
[Source "ChessBase"]
[SourceDate "2017.10.13"]
[SourceVersion "1"]
[SourceVersionDate "2017.10.13"]
[SourceQuality "1"]

1. d4 d5 2. Nf3 Nc6 3. e3 Nf6 4. Nbd2 Bg4 5. a3 a6 6. Be2 h6 7. 0-0 e6 8. h3 Bf5 9. c4 Ne4 10. Nxe4 Bxe4 11. Bd3 Bxf3 12. Qxf3 Qd7 13. Bd2 Bd6 14. Kh1 0-0 15. cxd5 exd5 16. Qxd5 Nd8 17. Bb4 Qe6 18. Qf3 Bxb4 19. axb4 Nc6 20. d5 Ne5 21. Qe4 f5 22. dxe6 fxe4 23. Bxe4 c6 24. Rac1 Rf6 25. f4 Ng6 26. Bxg6 Rxg6 27. f5 Rf6 28. Rcd1 a5 29. Rd7 axb4 30. e7 Rf7 31. Rd8+ Rxd8 32. exd8Q+ Rf8 33. Qb6 Re8 34. f6 gxf6 35. Rxf6 Kg7 36. Rf3 h5 37. Qd4+ Kg6 38. Qf6+ 1-0

[Event "MVP-ch Seniors op 16th"]
[Site "Binz"]
[Date "2016.11.27"]
[Round "5.80"]
[White "Helm, Helga"]
[Black "Maczollek, Helmut"]
[Result "1-0"]
[WhiteElo "1521"]
[BlackElo "1599"]
[PlyCount "73"]
[EventDate "2016.11.23"]
[EventType "swiss"]
[EventRounds "9"]
[EventCountry "GER"]
[SourceTitle "EXT 2018"]
[Source "ChessBase"]
[SourceDate "2017.10.13"]
[SourceVersion "1"]
[SourceVersionDate "2017.10.13"]
[SourceQuality "1"]

1. e4 d6 2. Nf3 Nf6 3. Nc3 c6 4. Be2 Bg4 5. h3 Bh5 6. Nh4 Bxe2 7. Qxe2 e5 8. d3 Be7 9. Nf3 0-0 10. Bg5 Ne8 11. Bxe7 Qxe7 12. 0-0-0 b5 13. h4 Nf6 14. Nh2 Qe6 15. b3 Nbd7 16. g4 h6 17. Kb1 Nh7 18. Rdg1 f6 19. Nf3 Qf7 20. Nd1 a5 21. Rg3 b4 22. g5 fxg5 23. hxg5 Nxg5 24. Nxg5 hxg5 25. Rxg5 Qf3 26. Qf1 a4 27. Qg1 Qf7 28. Qh2 Qf6 29. Qh7+ Kf7 30. Rf5 Rh8 31. Rxf6+ Nxf6 32. Qxh8 Rxh8 33. Rxh8 axb3 34. axb3 Ke6 35. Kc1 d5 36. Ne3 d4 37. Nc4 1-0

[Event "Hessen-ch Seniors op 12th"]
[Site "Bad Sooden-Allendorf"]
[Date "2016.05.08"]
[Round "9"]
[White "Girod, Gudrun"]
[Black "Maczollek, Helmut"]
[Result "0-1"]
[WhiteElo "1497"]
[BlackElo "1614"]
[PlyCount "76"]
[EventDate "2016.04.30"]
[EventType "swiss"]
[EventRounds "9"]
[EventCountry "GER"]
[SourceTitle "EXT 2019"]
[Source "ChessBase"]
[SourceDate "2018.10.10"]
[SourceVersion "1"]
[SourceVersionDate "2018.10.10"]
[SourceQuality "1"]

1. d4 d5 2. Bf4 Nf6 3. h3 e6 4. e3 c5 5. Nf3 a6 6. Bxb8 Rxb8 7. Be2 Bd6 8. 0-0 0-0 9. c3 c4 10. Nbd2 b5 11. Qc2 h6 12. e4 dxe4 13. Nxe4 Nxe4 14. Qxe4 Bb7 15. Qc2 Bc7 16. Rad1 Bd5 17. Ne5 Qg5 18. Bf3 Bxe5 19. Bxd5 exd5 20. dxe5 Qxe5 21. Rd4 Rbd8 22. Rfd1 Rd6 23. Qc1 Re8 24. Qf4 Rde6 25. Qxe5 Rxe5 26. Kf1 Re2 27. R1d2 Rxd2 28. Rxd2 Rd8 29. f3 a5 30. a3 Kf8 31. Kf2 Ke7 32. Ke3 Kd6 33. Kd4 Rb8 34. Re2 b4 35. axb4 axb4 36. cxb4 Rxb4 37. Kc3 Rb3+ 38. Kd4 Rd3# 0-1

[Event "GER-chB Seniors 27th"]
[Site "Magdeburg"]
[Date "2015.08.20"]
[Round "6"]
[White "Schmitthoefer, Herbert"]
[Black "Maczollek, Helmut"]
[Result "1-0"]
[WhiteElo "1904"]
[BlackElo "1599"]
[PlyCount "107"]
[EventDate "2015.08.15"]
[EventType "swiss"]
[EventRounds "9"]
[EventCountry "GER"]
[SourceTitle "EXT 2018"]
[Source "ChessBase"]
[SourceDate "2017.10.13"]
[SourceVersion "1"]
[SourceVersionDate "2017.10.13"]
[SourceQuality "1"]

1. d4 d5 2. Nf3 Nf6 3. c4 e6 4. Nc3 c6 5. e3 Nbd7 6. c5 Qc7 7. b4 a6 8. a4 e5 9. dxe5 Nxe5 10. Qd4 Nxf3+ 11. gxf3 Be7 12. e4 dxe4 13. Nxe4 Qd7 14. Nxf6+ Bxf6 15. Qe4+ Qe6 16. Ra3 Qxe4+ 17. fxe4 Be6 18. Bf4 g6 19. Bd6 Be7 20. e5 f5 21. h4 h6 22. f4 Kf7 23. Be2 Bd8 24. Bf3 Bd7 25. Kf2 b6 26. Rd3 Ra7 27. Kg3 Ke6 28. Rhd1 b5 29. Ra1 g5 30. hxg5 hxg5 31. Rh1 gxf4+ 32. Kxf4 Rh4+ 33. Rxh4 Bxh4 34. Ra3 Be1 35. axb5 Bxb4 36. Rxa6 Rxa6 37. bxa6 Bc8 38. a7 Bb7 39. Be2 Bd2+ 40. Kf3 Bc3 41. Bc4+ Kd7 42. Kf4 Be1 43. Kxf5 Bh4 44. Ba6 Ba8 45. e6+ Ke8 46. Bc8 Kd8 47. Bd7 Bb7 48. Bf4 Bf2 49. Bd6 Bh4 50. Kg6 Be7 51. Bxe7+ Kxe7 52. Bc8 Ba8 53. Kg7 Kd8 54. Kf7 1-0

[Event "GER-chB Seniors 27th"]
[Site "Magdeburg"]
[Date "2015.08.17"]
[Round "3"]
[White "Maczollek, Helmut"]
[Black "Kurpiela, Franz"]
[Result "1-0"]
[WhiteElo "1599"]
[BlackElo "1795"]
[PlyCount "101"]
[EventDate "2015.08.15"]
[EventType "swiss"]
[EventRounds "9"]
[EventCountry "GER"]
[SourceTitle "EXT 2018"]
[Source "ChessBase"]
[SourceDate "2017.10.13"]
[SourceVersion "1"]
[SourceVersionDate "2017.10.13"]
[SourceQuality "1"]

1. d4 Nf6 2. Nf3 d5 3. e3 Bg4 4. Bd3 e6 5. Nbd2 c5 6. c3 Nc6 7. 0-0 Qb6 8. h3 Bh5 9. Be2 Bd6 10. c4 0-0 11. a3 Rac8 12. b3 Bxf3 13. Nxf3 dxc4 14. Bxc4 cxd4 15. exd4 Rfd8 16. Be3 Qa5 17. Qd2 Ne4 18. Qxa5 Nxa5 19. Rfc1 Be7 20. Nd2 Nxd2 21. Bxd2 Bf6 22. Bxa5 b6 23. Bc3 Bxd4 24. Bxd4 Rxd4 25. Rd1 Rcd8 26. Be2 e5 27. Rxd4 exd4 28. Rd1 g5 29. g4 Kg7 30. Bd3 Kf6 31. Bxh7 Ke5 32. Kg2 f6 33. Bd3 Rc8 34. Re1+ Kd6 35. Bc4 Kc5 36. Rc1 Kd6 37. Re1 Kc5 38. Re6 b5 39. Bd3 Rf8 40. b4+ Kd5 41. Ra6 Rf7 42. Bxb5 Ke4 43. Re6+ Kd5 44. Re1 Rc7 45. Rd1 Rc3 46. Rd3 Rc1 47. a4 Rb1 48. Rf3 Rxb4 49. Rxf6 Rxb5 50. Rf5+ Kc4 51. axb5 1-0

[Event "Hessen-ch Seniors op 11th"]
[Site "Bad Sooden-Allendorf"]
[Date "2015.05.15"]
[Round "7"]
[White "Schwab, Wolfgang"]
[Black "Maczollek, Helmut"]
[Result "1-0"]
[WhiteElo "1763"]
[BlackElo "1576"]
[PlyCount "63"]
[EventDate "2015.05.09"]
[EventType "swiss"]
[EventRounds "9"]
[EventCountry "GER"]
[SourceTitle "EXT 2018"]
[Source "ChessBase"]
[SourceDate "2017.10.13"]
[SourceVersion "1"]
[SourceVersionDate "2017.10.13"]
[SourceQuality "1"]

1. e4 d6 2. Nf3 Bg4 3. d3 Nf6 4. h3 Bh5 5. g3 Nbd7 6. Bg2 e5 7. 0-0 Be7 8. Nbd2 0-0 9. c3 Nc5 10. Qc2 Ncd7 11. Re1 c6 12. Nc4 b5 13. Ne3 d5 14. exd5 cxd5 15. Nh2 Nb6 16. Nf5 Bd6 17. Qb3 Bg6 18. Nxd6 Qxd6 19. Qxb5 a6 20. Qb3 Bxd3 21. Bg5 Rfd8 22. Qd1 Bg6 23. Ng4 Bh5 24. Nxf6+ gxf6 25. Qxh5 fxg5 26. Qxg5+ Kh8 27. Qxe5+ Qxe5 28. Rxe5 Rac8 29. Rd1 Rc5 30. Bf3 Nc4 31. Rexd5 Nxb2 32. Rxd8+ 1-0

[Event "GER-chB Seniors 26th"]
[Site "Bad Neuenahr"]
[Date "2014.08.13"]
[Round "9"]
[White "Maczollek, Helmut"]
[Black "Geibel, Henning"]
[Result "1/2-1/2"]
[WhiteElo "1592"]
[BlackElo "1456"]
[PlyCount "101"]
[EventDate "2014.08.05"]
[EventType "swiss"]
[EventRounds "9"]
[EventCountry "GER"]
[SourceTitle "EXT 2018"]
[Source "ChessBase"]
[SourceDate "2017.10.13"]
[SourceVersion "1"]
[SourceVersionDate "2017.10.13"]
[SourceQuality "1"]

1. d4 d5 2. Nf3 e6 3. e3 Nf6 4. Bd3 c5 5. c3 c4 6. Bc2 Be7 7. Nbd2 0-0 8. 0-0 h6 9. Qe2 b5 10. e4 dxe4 11. Nxe4 Bb7 12. Bd2 Bxe4 13. Bxe4 Nxe4 14. Qxe4 Qd5 15. Qg4 Kh7 16. Ne5 Nd7 17. Rfe1 Nxe5 18. Rxe5 Qd7 19. Qh3 Bd6 20. Re2 Qe7 21. Rae1 Qf6 22. Qe3 Qh4 23. g3 Qg4 24. Qe4+ Qg6 25. Qc6 Be7 26. Qxb5 Rac8 27. Qe5 Bf6 28. Qe4 Qxe4 29. Rxe4 g5 30. h3 Rb8 31. Bc1 a5 32. f4 Rg8 33. R1e2 gxf4 34. Bxf4 Rb5 35. Kh2 Bg5 36. Re5 Rxe5 37. Rxe5 Bxf4 38. gxf4 Rb8 39. Re2 Kg6 40. Kg3 a4 41. Rd2 Ra8 42. d5 exd5 43. Rxd5 a3 44. Rb5 axb2 45. Rxb2 Rd8 46. Rc2 Rd3+ 47. Kg4 Rd1 48. Rg2 Rd3 49. Rg3 Rd2 50. Re3 Rxa2 51. Re4 1/2-1/2